[Event "Hessen-ch U18"]
[Site "Bad Homburg"]
[Date "2012.??.??"]
[Round "4"]
[White "Berberich, Andreas"]
[Black "Hild, Silvan"]
[Result "1-0"]
[WhiteElo "1323"]
[BlackElo "1487"]
[PlyCount "69"]
[EventDate "2012.04.??"]
[EventType "swiss"]
[EventRounds "9"]
[EventCountry "GER"]
[SourceTitle "EXT 2015"]
[Source "ChessBase"]
[SourceDate "2014.11.20"]
[SourceVersion "1"]
[SourceVersionDate "2014.11.20"]
[SourceQuality "1"]

1. e4 e6 2. d4 d5 3. exd5 exd5 4. Bd3 Nc6 5. Nf3 Bg4 6. c3 Bd6 7. 0-0 Nf6 8. Re1+ Ne7 9. Bg5 Qd7 10. Nbd2 h6 11. Bh4 g5 12. Bg3 h5 13. h3 Bxg3 14. fxg3 Bxh3 15. Ne5 Qd6 16. gxh3 0-0-0 17. Kg2 Rdf8 18. Rf1 h4 19. g4 Ne4 20. Bxe4 dxe4 21. Nxe4 Qd5 22. Qf3 f5 23. gxf5 Rxf5 24. Qg4 Rhf8 25. Rxf5 Nxf5 26. Rf1 Qe6 27. Qf3 g4 28. Nxg4 Qg6 29. Kh2 Kb8 30. Rg1 a6 31. Ngf6 Ng3 32. Nd7+ Ka7 33. Nxf8 Qxe4 34. Qxe4 Nxe4 35. Rg4 1-0

[Event "Hessen-ch U18"]
[Site "Bad Homburg"]
[Date "2012.??.??"]
[Round "1"]
[White "Hild, Silvan"]
[Black "Lenz, Jonas"]
[Result "0-1"]
[WhiteElo "1487"]
[BlackElo "1928"]
[PlyCount "76"]
[EventDate "2012.04.??"]
[EventType "swiss"]
[EventRounds "9"]
[EventCountry "GER"]
[SourceTitle "EXT 2015"]
[Source "ChessBase"]
[SourceDate "2014.11.20"]
[SourceVersion "1"]
[SourceVersionDate "2014.11.20"]
[SourceQuality "1"]

1. c4 Nf6 2. g3 e5 3. Bg2 c6 4. d3 Bc5 5. Bg5 Bxf2+ 6. Kxf2 Ng4+ 7. Ke1 Qxg5 8. Nh3 Qh6 9. Qd2 Qxd2+ 10. Kxd2 d6 11. Nc3 Nf6 12. Ng5 0-0 13. Rhf1 Rd8 14. Nge4 Nxe4+ 15. Bxe4 Na6 16. Rf2 Nc5 17. Bg2 a5 18. Raf1 Be6 19. e4 Rab8 20. g4 Bxg4 21. h3 Be6 22. h4 Rf8 23. Ne2 b5 24. d4 exd4 25. Nxd4 Bxc4 26. Rg1 Rbe8 27. Rf4 Ne6 28. Nxe6 Bxe6 29. Bf1 f5 30. exf5 Rxf5 31. Re4 Bd7 32. Rd4 d5 33. Kd1 c5 34. Rd2 d4 35. Rdg2 Re7 36. Bd3 Rh5 37. Rh2 c4 38. Be2 Rhe5 0-1

[Event "Hessen-ch U18"]
[Site "Bad Homburg"]
[Date "2012.??.??"]
[Round "6"]
[White "Hild, Silvan"]
[Black "Schneider, Marcel"]
[Result "0-1"]
[WhiteElo "1487"]
[BlackElo "1766"]
[PlyCount "96"]
[EventDate "2012.04.??"]
[EventType "swiss"]
[EventRounds "9"]
[EventCountry "GER"]
[SourceTitle "EXT 2015"]
[Source "ChessBase"]
[SourceDate "2014.11.20"]
[SourceVersion "1"]
[SourceVersionDate "2014.11.20"]
[SourceQuality "1"]

1. c4 e5 2. g3 Nf6 3. Bg2 d5 4. cxd5 Nxd5 5. Nc3 Nb6 6. e3 Be7 7. Nge2 0-0 8. d4 Bd6 9. dxe5 Bxe5 10. Qc2 Nc6 11. 0-0 Qe7 12. a3 a6 13. b3 Rd8 14. Bb2 Be6 15. Rad1 Rxd1 16. Rxd1 Rd8 17. Rxd8+ Qxd8 18. Nf4 Bg4 19. h3 Bc8 20. Ne4 Bxb2 21. Qxb2 Qe7 22. Nh5 f6 23. g4 Qe5 24. Qd2 Nd5 25. Neg3 Nce7 26. Nf4 c6 27. Nxd5 Nxd5 28. e4 Ne7 29. f4 Qa1+ 30. Bf1 Be6 31. f5 Bc8 32. Kh2 b5 33. a4 Qe5 34. g5 Kf7 35. h4 g6 36. Be2 gxf5 37. Bh5+ Ng6 38. gxf6 fxe4 39. Kg2 Qd5 40. Qe3 Kxf6 41. Nxe4+ Kg7 42. Bxg6 hxg6 43. a5 Bf5 44. Kf3 Qxe4+ 45. Qxe4 Bxe4+ 46. Kxe4 Kh6 47. Kf4 Kh5 48. Kg3 c5 0-1

[Event "Hessen-ch U18"]
[Site "Bad Homburg"]
[Date "2012.??.??"]
[Round "8"]
[White "Schlitzer, Felix"]
[Black "Hild, Silvan"]
[Result "1/2-1/2"]
[WhiteElo "1332"]
[BlackElo "1487"]
[PlyCount "30"]
[EventDate "2012.04.??"]
[EventType "swiss"]
[EventRounds "9"]
[EventCountry "GER"]
[SourceTitle "EXT 2015"]
[Source "ChessBase"]
[SourceDate "2014.11.20"]
[SourceVersion "1"]
[SourceVersionDate "2014.11.20"]
[SourceQuality "1"]

1. d4 e6 2. c4 Nf6 3. Bf4 c5 4. Nf3 b6 5. Nc3 d6 6. e3 Bb7 7. Qa4+ Bc6 8. Qc2 a6 9. Be2 Be7 10. h3 0-0 11. 0-0 Bb7 12. Rfd1 Qc7 13. Rd2 Nc6 14. dxc5 bxc5 15. Rad1 Rfd8 1/2-1/2